000
00331 a2200157 4500
001
62208
020
_a
9783884233375
040
_c
Anchieta - Pituba
100
_a
Sülz, Christian
240
1
0
_a
Lyrix
_l
deu / ger
245
1
0
_a
Lyrix
300
_a
149
362
0
_a
2009
650
4
_a
Literatura juvenil em alemão
942
_c
BK
999
_c
62208
_d
62208